Способ адаптивной автоматической самонастройки многоканальных систем автоматического управления на оптимальные условия; Приборы и системы. Управление, контроль, диагностика; № 10

Podrobná bibliografie
Parent link:Приборы и системы. Управление, контроль, диагностика: научно-технический и производственный журнал.— , 2000-
№ 10.— 2003.— С. 21-24
Hlavní autor: Щедринов А. В.
Další autoři: Карасев В. Г.
Jazyk:ruština
Vydáno: 2003
Edice:Автоматизированные системы управления
Témata:
Médium: MixedMaterials Kapitola
KOHA link:https://koha.lib.tpu.ru/cgi-bin/koha/opac-detail.pl?biblionumber=388727

MARC

LEADER 00000naa2a2200000 4500
001 388727
005 20231101063801.0
035 |a (RuTPU)RU\TPU\prd\20221 
090 |a 388727 
100 |a 20031204a2003 k y0rusy50 ca 
101 0 |a rus 
102 |a RU 
200 1 |a Способ адаптивной автоматической самонастройки многоканальных систем автоматического управления на оптимальные условия  |f А. В. Щедринов, В. Г. Карасев 
225 1 |a Автоматизированные системы управления 
320 |a Библиогр.: 3 назв. 
461 1 |0 (RuTPU)RU\TPU\prd\1687  |t Приборы и системы. Управление, контроль, диагностика  |o научно-технический и производственный журнал  |d 2000- 
463 1 |0 (RuTPU)RU\TPU\prd\19396  |t № 10  |v С. 21-24  |d 2003 
610 1 |a автоматическая самонастройка 
610 1 |a адаптивная самонастройка 
610 1 |a многоканальные системы 
610 1 |a автоматическое управление 
610 1 |a автоматическая оптимизация 
700 1 |a Щедринов  |b А. В. 
701 1 |a Карасев  |b В. Г. 
801 1 |a RU  |b 63413507  |c 20031204  |g PSBO 
801 2 |a RU  |b 63413507  |c 20121008  |g RCR 
942 |c BK